000 00936nam a2200205 a 4500
008 120416s1983 ||||||||||||||||| || u
020 _a0582902614
050 _aHG 3881 Tow
110 _aCommonwealth Secretariat
245 1 0 _aTowards a New Breton Woods: challenge for the world financial and trading system
260 _aLondon:
_bCommonwealth Secretariat
_c1983
300 _axii, 148p.
350 _a0.00
500 _areport by a Commonwealth study group
650 0 _aFINANCE--DEVELOPING COUNTRIES
650 0 _aCOMMERCE
650 0 _aINTERNATIONAL ECONOMIC RELATIONS--HANDBOOKS, MANUALS, E.T.C
995 _aSPECIAL COLLECTIONS
_D0.00
_e03007150
_FCBU-MAIN LIBRARY (Kitwe)
_H1
_I0.00
_jCOMM(02)1983/2
_M3
_UAVAILABLE
_WSep 27, 2010
_yZ03007150
_ZInternational Publications
995 _aANNEX COLLECTION (Main Library)
_D0.00
_e710137
_FCBU-MAIN LIBRARY (Kitwe)
_H1
_I5.00
_jHG 3881 Tow
_M1
_UAVAILABLE
_y008023
_ZAnnex Low-Usage Collection
999 _c81362
_d81362